000 00537nam a2200205Ia 4500
005 20240801115052.0
008 131103s9999 xx 000 0 und d
020 _a0 435 14911 3
040 _aLoreto College
041 _aEnglish
082 _a821
_bWRI
245 _aSoundings
_b a selection of poems for speaking aloud
_cEdited by Kit Wright
260 _aLondon
_bHeinemann
_c1975
300 _a118p.
504 _aIncludes index
650 _aEnglish poetry
700 _aWright, Kit; ed.
850 _aLCBED
942 _cBK
999 _c29963
_d80442